| 000 | 00597cam a2200181 i 4500 | ||
|---|---|---|---|
| 005 | 20251119113741.0 | ||
| 008 | 250721s1985 su gr 000 0 ara d | ||
| 082 | 1 | 4 |
_a210.435 _bع س ل |
| 100 | 1 |
_aالعسلي، محمد مهنا _eمؤلف. |
|
| 245 | 1 | 2 |
_aالإدارة في الإسلام / _cتأليف الرائد/ محمد مهنا العلي. |
| 250 | _aالطبعة الأولى. | ||
| 264 | 3 | 1 |
_aجدة : _bالدار السعودية، _c1985. |
| 300 | _a288 صفحة. | ||
| 650 | 1 | 7 | _aالإسلام. |
| 650 | 1 | 7 | _aالإدارة. |
| 942 |
_2ddc _cBK |
||
| 999 |
_c1422 _d1422 |
||